|
|
|
|
| LEADER |
00000nam0a2200000 4500 |
| 001 |
34130 |
| 005 |
20231030223841.0 |
| 035 |
|
|
|a (RuTPU)RU\TPU\book\34508
|
| 035 |
|
|
|a BOOK00001159
|
| 090 |
|
|
|a 34130
|
| 100 |
|
|
|a 20011210d1985 m y0rusy50 ca
|
| 101 |
0 |
|
|a rus
|
| 102 |
|
|
|a RU
|
| 105 |
|
|
|a a j 001zy
|
| 200 |
1 |
|
|a Измерительные информационные системы: структуры и алгоритмы, системотехническое проектирование
|e учебное пособие
|f М. П. Цапенко
|
| 205 |
|
|
|a 2-е изд., перераб. и доп.
|
| 210 |
|
|
|a Москва
|c Энергоатомиздат
|d 1985
|
| 215 |
|
|
|a 439 с.
|c ил.
|
| 320 |
|
|
|a Библиогр.: с. 429-435
|
| 320 |
|
|
|a Алф. указ.: с. 426-428
|
| 610 |
1 |
|
|a радиотехника
|
| 610 |
1 |
|
|a структуры
|
| 610 |
1 |
|
|a алгоритмы
|
| 610 |
1 |
|
|a схемы
|
| 610 |
1 |
|
|a учебные пособия
|
| 675 |
|
|
|a 681.518.3(075.8)
|v 3
|
| 700 |
|
1 |
|a Цапенко
|b М. П.
|g Михаил Петрович
|
| 801 |
|
0 |
|a RU
|b 63413507
|c 20011210
|g PSBO
|
| 801 |
|
2 |
|a RU
|b 63413507
|c 20160923
|g PSBO
|
| 900 |
|
|
|a Информационно-измерительные системы
|
| 900 |
|
|
|a Теория информации и ее приложение в автоматизированных системах
|
| 900 |
|
|
|a Измерительные информационные системы
|
| 900 |
|
|
|a Компьютерные средства измерений
|
| 942 |
|
|
|c BK
|